载入...

Atrocities on scheduled castes in post independent India(15th August 1947 to 15th August 1979)

书目详细资料
主要作者: Kamble, N D
语言:English
出版: New Delhi Ashsih publishing house 1981
LEADER 00404nam a22001337a 4500
003 OSt
008 100707t xxu||||| |||| 00| 0 eng d
080 |a 316.347SC  |b KAM 
100 |a Kamble, N D  |9 20296 
245 |a Atrocities on scheduled castes in post independent India(15th August 1947 to 15th August 1979) 
260 |a New Delhi  |b Ashsih publishing house  |c 1981 
300 |a 528p. 
942 |c BK  |6 _ 
999 |c 128150  |d 128150